000
00204 a2200097 4500
001
49513
100
_a
Moore
245
_a
Prose at present
260
_a
London
_b
G Bell son ltd
_c
090
_c
32043
_d
32043
942
_a
NUST-CAE
_c
M
_c
24496
999
_c
284586
_d
284586